000 00297nam a22001337a 4500
008 180910b xxu||||| |||| 00| 0 eng d
020 _a9780321803221
041 _aeng
080 _27 ED
_a541
100 _a12
101 _aKIM
245 _aOrganic Chemistry
_cbRUICE.P.Y.P
942 _2udc
_cBK
999 _c47643
_d47643